000
00320 a2200145 4500
001
151647
040
_c
Escola São Tomás de Aquino
240
1
0
_a
Romeu e Julieta
_l
por
245
1
0
_a
Romeu e Julieta
300
_a
96
362
0
_a
2005
440
1
_a
Escala Educacional
697
_a
*LITERATURA JUVENIL
942
_c
BK
999
_c
151647
_d
151647